000 00614nam a22002177a 4500
003 UA-OsUOA
001 97664
007 ta
008 20130403b un ||||| |||| 00| 0 ukr d
090 _a821.161.1
_bН12
942 _cBK
040 _aUA-OsUOA
_brus
_cUA-OsUOA
_dUA-OsUOA
245 _aНа суше и на море 1991-92
_bповести, рассказы, очерки, статьи
300 _a526 с.
955 _a3
041 _arus
080 _a821.161.1
260 _aМ.
_bМысль
_c1992
650 7 _a82 Література. Літературознавство
_2UDC
999 _c383912
_d383912